Pays sans ambassade de France - Statistiques

Statistiques générales
  • Ce quiz a été pris 13 886 fois
    13 481 depuis la dernière actualisation
  • Le résultat moyen est 17 sur 36
Statistiques - réponses
Continent Pays % Correct
Asie Corée du Nord
66%
Europe Vatican
65%
Europe Saint-Marin
61%
Europe Liechtenstein
59%
Oceanie Tuvalu
58%
Oceanie Îles Marshall
56%
Oceanie Nauru
56%
Ameriques Saint-Vincent-et-les Grenadines
56%
Oceanie Micronésie
55%
Oceanie Tonga
55%
Ameriques Barbade
54%
Ameriques Saint-Christophe-et-Niévès
54%
Asie Afghanistan
53%
Oceanie Îles Salomon
53%
Afrique Lesotho
53%
Ameriques Antigua-et-Barbuda
52%
Oceanie Kiribati
52%
Afrique Eswatini
51%
Afrique Somalie
51%
Afrique Soudan
51%
Oceanie Palaos
50%
Ameriques Grenade
49%
Ameriques Dominique
48%
Asie Syrie
46%
Ameriques Belize
44%
Ameriques Bahamas
43%
Asie Bhoutan
42%
Afrique Niger
42%
Afrique Sao Tomé-et-Principe
42%
Asie Yémen
39%
Asie Timor Oriental
37%
Afrique Malawi
32%
Afrique Gambie
31%
Ameriques Guyana
30%
Asie Maldives
29%
Afrique Sierra Leone
26%
Aucun quiz correspondant
Distribution des résultats
% des personnes avec chaque résultat
Percentile par nombre de réponses
Votre historique - résultats
Vous n’avez pas pris ce quiz depuis la dernière actualisation